000 00525nam a2200205Ia 4500
005 20250923144630.0
008 008 250917s9999 xx 000 0 eng d
037 _aTextual
040 _aDSWL
_beng
_cDSWL
041 _aeng
_2eng
084 _qDSWL
100 _aElwin, Verrier
_9826828
245 0 _aLeaves from the Jungle
_cby Verrier Elwin
260 _b. Oxford University Press
_c1958
300 _axxx,193p.
365 _aINR
_b7
925 _g7
942 _cTEXL
999 _c1441415
_d1441415